| 000 | 00444cam a2200193ua 4500 | ||
|---|---|---|---|
| 020 | _c1.25 | ||
| 041 |
_ahin _h |
||
| 082 |
_a891.54 _bJAY/AR |
||
| 100 | _aJayashankar, Prasad . | ||
| 245 |
_aArzoo / _cJayashankar prasad. _hTextual Documents |
||
| 250 |
_a1 / _b. |
||
| 260 |
_a : _bBharati Bhandar , _c1982. |
||
| 300 | _a78 ; . | ||
| 365 | _a1.25 | ||
| 504 | _a | ||
| 942 | _cBK | ||
| 999 |
_c11619 _d11619 |
||